Statistiques concernant Pays représenté dans le podium du ballon d'Or

Cliquez ici pour prendre le quiz!

Statistiques générales

  • Ce quiz a été pris 815 fois
    (281 depuis la dernière actualisation)
  • Le résultat moyen est 19 sur 27

Statistiques - réponses

Nombre de joueurPays% Correct
24France
100%
14Argentine
99%
18Portugal
98%
17Espagne
97%
28Allemagne
96%
18Angleterre
95%
11Brésil
95%
17Italie
94%
17Pays-bas
89%
1Belgique
79%
2Croatie
73%
3Pologne
69%
1Norvège
66%
2Hongrie
65%
3Union soviétique
64%
3Ukraine
62%
1Sénégal
59%
4Danemark
58%
1Autriche
56%
1Liberia
53%
3Écosse
51%
2Bulgarie
50%
4Yougoslavie
50%
1Finlande
47%
3Tchécoslovaquie
43%
1Pays de Galles
41%
2Irlande du Nord
39%

Distribution des résultats

Percentile par nombre de réponses

% des personnes avec chaque résultat

Votre développement - résultats

Vous n’avez pas pris ce quiz depuis la dernière actualisation